Information, communication, library, and community development : (Record no. 40743)
[ view plain ]
| 000 -LEADER | |
|---|---|
| fixed length control field | 01675nam a2200373 a 4500 |
| 001 - CONTROL NUMBER | |
| control field | 40743 |
| 003 - CONTROL NUMBER IDENTIFIER | |
| rucl marc code | BD-RjUL |
| 005 - DATE AND TIME OF LATEST TRANSACTION | |
| control field | 20211209053255.0 |
| 008 - FIXED-LENGTH DATA ELEMENTS--GENERAL INFORMATION | |
| fixed length control field | 160509s2004 ii a b 111 0 eng |
| 020 ## - INTERNATIONAL STANDARD BOOK NUMBER | |
| Canceled/invalid ISBN | 817646404X (set) |
| Terms of availability | : Rs 2000.00 |
| International Standard Book Number | 8176464333 (v. 1) |
| Terms of availability | : Rs 2000.00 |
| International Standard Book Number | 8176464341 (v. 2) |
| Terms of availability | : Rs 2000.00 |
| 035 ## - SYSTEM CONTROL NUMBER | |
| System control number | (DLC) 2004326047 |
| -- | (BD-RjUL)40858 |
| 040 ## - CATALOGING SOURCE | |
| Original cataloging agency | DLC |
| Transcribing agency | DLC |
| Modifying agency | DLC |
| -- | BD-RjUL |
| Language of cataloging | eng |
| 041 0# - LANGUAGE CODE | |
| Language code of text/sound track or separate title | eng |
| -- | hin |
| 082 ## - DEWEY DECIMAL CLASSIFICATION NUMBER | |
| Edition number | 23 |
| Classification number | 021 |
| Author mark and year | INF 2004 |
| 111 2# - MAIN ENTRY--MEETING NAME | |
| Meeting name or jurisdiction name as entry element | National Seminar on "Community Information Services" |
| Date of meeting | (2002 : |
| Location of meeting | Tenali, India) |
| 9 (RLIN) | 125402 |
| 245 10 - TITLE STATEMENT | |
| Title | Information, communication, library, and community development : |
| Remainder of title | festschrift in honour of Prof. C.P. Vashishth / |
| Statement of responsibility, etc. | edited by B. Ramesh Babu, S. Gopalakrishnan. |
| 260 ## - PUBLICATION, DISTRIBUTION, ETC. (IMPRINT) | |
| Place of publication, distribution, etc. | Delhi : |
| Name of publisher, distributor, etc. | B.R. Pub. Corp., |
| Date of publication, distribution, etc. | c2004. |
| 300 ## - PHYSICAL DESCRIPTION | |
| Pagination | 2 v. (xl, 793 p.) : |
| Illustrations | ill. (some col.) ; |
| Size | 21 cm. |
| 504 0# - BIBLIOGRAPHY, ETC. NOTE | |
| Bibliography, etc | Includes bibliographical reference and index. |
| 505 ## - FORMATTED CONTENTS NOTE | |
| Formatted contents note | Vol. 1-- V. 2 -- |
| 520 ## - SUMMARY, ETC. | |
| Summary, etc. | Contributed papers presented at the Seminar organized by the FIC; festschrift for C. P. Vashishth, an Indian librarian. |
| 650 #0 - SUBJECT ADDED ENTRY--TOPICAL TERM | |
| Topical term or geographic name as entry element | Community information services |
| Geographic subdivision | India |
| Form subdivision | Congresses. |
| 9 (RLIN) | 125368 |
| Topical term or geographic name as entry element | Information science |
| Geographic subdivision | India |
| Form subdivision | Congresses. |
| 9 (RLIN) | 125369 |
| Topical term or geographic name as entry element | Library science |
| Geographic subdivision | India |
| Form subdivision | Congresses. |
| 9 (RLIN) | 125370 |
| Topical term or geographic name as entry element | Libraries and community |
| Geographic subdivision | India |
| Form subdivision | Congresses. |
| 9 (RLIN) | 125371 |
| Topical term or geographic name as entry element | Community development |
| Geographic subdivision | India |
| Form subdivision | Congresses. |
| 9 (RLIN) | 125372 |
| 700 1# - ADDED ENTRY--PERSONAL NAME | |
| Personal name | Vashishth, C. P. |
| Personal name | Ramesh Babu, B., |
| Dates associated with a name | 1952- |
| Personal name | Gopalakrishnan, S., |
| Dates associated with a name | 1953- |
| 710 2# - ADDED ENTRY--CORPORATE NAME | |
| Corporate name or jurisdiction name as entry element | Foundation for Information and Communication (India) |
| 9 (RLIN) | 125376 |
| 942 ## - ADDED ENTRY ELEMENTS (KOHA) | |
| Source of classification or shelving scheme | Dewey Decimal Classification |
| Koha item type | Books |
| Lost status | Source of classification or shelving scheme | Damaged status | Not for loan | Collection code | Permanent Location | Current Location | Shelving location | Date acquired | Source of acquisition | Cost, normal purchase price | Total Checkouts | Full call number | Date last seen | Copy number | Koha item type |
|---|---|---|---|---|---|---|---|---|---|---|---|---|---|---|---|
| Dewey Decimal Classification | Not For Loan | Non-fiction | Central Library, University of Rajshahi | Central Library, University of Rajshahi | Reading Room | 09/07/2008 | Dhaka : Paragon Enterprise | 2000.00 | 021 INF V-1 2004 | 09/05/2016 | C-1 | Books | |||
| Dewey Decimal Classification | Non-fiction | Central Library, University of Rajshahi | Central Library, University of Rajshahi | 20/08/2008 | Dhaka : Paragon Enterprise | 2000.00 | 021 INF V-1 2004 | 09/05/2016 | C-2 | Books | |||||
| Dewey Decimal Classification | Non-fiction | Central Library, University of Rajshahi | Central Library, University of Rajshahi | 17/09/2008 | Dhaka : Paragon Enterprise | 2000.00 | 021 INF V-2 2004 | 09/05/2016 | C-2 | Books | |||||
| Dewey Decimal Classification | Non-fiction | Central Library, University of Rajshahi | Central Library, University of Rajshahi | 20/08/2008 | Dhaka : Paragon Enterprise | 2000.00 | 021 INF V-2 2004 | 09/05/2016 | C-3 | Books | |||||
| Dewey Decimal Classification | Non-fiction | Central Library, University of Rajshahi | Central Library, University of Rajshahi | 17/09/2008 | Dhaka,Paragon Enterprise Lit., | 2000.00 | 021 INF V-1 2004 | 01/12/2016 | C-3 | Books | |||||
| Dewey Decimal Classification | Not For Loan | Non-fiction | Central Library, University of Rajshahi | Central Library, University of Rajshahi | Reading Room | 09/07/2008 | Dhaka,Paragon Enterprise Lit., | 2000.00 | 021 INF V-2 2004 | 01/12/2016 | C-1 | Books |